000 00499nam a22001697a 4500
003 OSt
005 20140310181756.0
008 130629t xxu||||| |||| 00| 0 eng d
020 _a9718540202
050 _aHD 31
_b.V718 1998
082 _aFIL 658.15
_bV71 1998
245 _aPractical technology and home economics :
_bbusiness management IV /
260 _aQuezon City, Philippines :
_bAdriana Printing Co., Inc.,
_c1998.
300 _a185 p. ;
_c26 cm.
942 _2lcc
_cBK
_kFIL
999 _c3433
_d3433